| 000 | 01238nam a2200325 c 4500 | ||
|---|---|---|---|
| 003 | BLK | ||
| 005 | 20250221142059.0 | ||
| 008 | 180408b bul|||||r ||||||| ||bul|| | ||
| 010 | _aKNG00085632000 | ||
| 020 |
_a978-954-585-949-6 _bиздат.: Бард |
||
| 040 | _aBLK | ||
| 041 |
_aBUL _cBUL |
||
| 080 |
_aАмериканска литература (на САЩ) _b821.111(73) _x-322.9 _z821.111(73)-322.9 |
||
| 100 | 1 |
_aБредбъри, Рей Дъглас _eпърви автор _9364486 |
|
| 700 |
_aБожилов, Венцислав Божидаров _cТеодосиев, Стефан, 1968- (псевдоним) _d1968- _9367877 |
||
| 139 |
_aБредбъри, Рей _bБ 80 |
||
| 245 | 1 | 0 |
_a[Сто] 100 разказа _cРей Дъглас Бредбъри; прев. от англ. Венцислав Божидаров Божилов. |
| 257 | _aUSA | ||
| 260 |
_аСофия _bБард _c2008 |
||
| 300 |
_a1024 с. _c23 см |
||
| 380 | _aX | ||
| 500 | _aОриг. загл. The Stories of Ray Bradbury / Ray Bradbury. | ||
| 590 | _aф | ||
| 852 | _aЦб 241350 | ||
| 856 | 4 |
_qpdf _u |
|
| 856 | 4 |
_qpdf _u |
|
| 942 |
_cKNG _n0 _04 |
||
| 944 |
_aCR _c17.09.2008 _k30530 _lМинев Младен |
||
| 944 |
_aED _c06.07.2009 _k |
||
| 999 |
_c81133 _d81133 |
||